000 00753nam a2200277Ia 4500
003 OSt
005 20220912152041.0
006 a|||||r|||| 00| 0
007 ta
008 220909b |||||||| |||| 00| 0 eng d
024 _a60694
037 _cTextual
040 _aCSL
_beng
_cCSL
041 _aeng
082 _aC9B3p1,N92, N2
100 _aOhara Ed.
111 _aSymposium on extended objects and found systems (1992 : Japan)
245 0 _aProceedings on extended objects and found systems
260 _c1992
300 _ap.
_ccm.
650 _aMathematics
700 _a Is hida Ed.
700 _a Naka S Ed.
942 _hC9B3p1,N92, N2
_cTEXL
_2CC
999 _c79981
_d79981